000 00619nam a2200241 a 4500
001 nice12345678
003 IN_TiNIC
005 20260116012521.0
008 050524s1984 seca grp 000 0 eng
020 _a
_c1.75
082 0 0 _a239
_bSTA
100 _aStanton, Don E
245 _aWhy All This Controversy and the Attack on the Person.
260 _aSecunderabad
_bMaranatha Revival Crusade
_c1984
300 _a80p
500 _aincludes index and biblioraphy
505 2 _aBibliography, Index
650 _aApologetics
700 1 _aStanton, Don E
902 _bSRS
942 _cBK
999 _c7318
_d7318